Packaging as an effective marketing tool / (Record no. 3141)
[ view plain ]
| 000 -LEADER | |
|---|---|
| fixed length control field | 00948nam a2200193 a 4500 |
| 020 ## - INTERNATIONAL STANDARD BOOK NUMBER | |
| ISBN | 0749419881 |
| 022 ## - INTERNATIONAL STANDARD SERIAL NUMBER | |
| ISSN | 9780749419882 |
| 050 00 - CALL NUMBER | |
| Classification number | HF5770 |
| Item number | .St3 |
| 100 1# - AUTHOR | |
| Personal name | Stewart, Bill, |
| 245 10 - TITLE | |
| Title | Packaging as an effective marketing tool / |
| Statement of responsibility, etc | Bill Stewart. |
| 260 ## - PUBLICATION INFORMATION | |
| Place of publication | London : |
| Name of publisher | Kogan Page, |
| Year of publication | 1996. |
| 300 ## - DESCRIPTION | |
| Number of Pages | vii, 200 p. : |
| Other physical details | ill. (some col.) ; |
| Dimensions | 22 cm. |
| 500 ## - NOTES | |
| General note | "Co-published with Pira." |
| 500 ## - NOTES | |
| General note | Reprint. Originally published: Leatherhead, Surry, UK : Pira International, c1995, in series: Pira packaging guide series. |
| 505 ## - FORMATTED CONTENTS NOTE | |
| Table of Content | Packaging as a marketing tool ; Increasing sales ; Premium products ; Added value and consumer convenience ; Brand values ; New-product development ; Retailer acceptance ; Reducing materials costs ; Packaging methods ; Rationalization ; Warehousing and physical distribution ; Product/pack size ; Design innovation and research. |
| 650 #0 - SUBJECTS | |
| Topical Term | Packaging. |
| 650 #0 - SUBJECTS | |
| Topical Term | Marketing. |
| 942 ## - ADDED ENTRY ELEMENTS (KOHA) | |
| Koha item type | Books |
| Withdrawn status | Lost status | Collection code | Home library | Current library | Shelving location | Date acquired | Full call number | Accession Number | Koha item type |
|---|---|---|---|---|---|---|---|---|---|
| Reference | Methodist University Library Tema | Methodist University Library Tema | Reference | 03/12/2014 | HF5770 .St3 | 1081 | Books | ||
| Reference | Methodist University Library Tema | Methodist University Library Tema | Reference | 03/12/2014 | HF5770 .St3 | 1080 | Books |